=LDR 00000nam 2200000 4500 =001 000998 =005 20250712023115 =035 ##$$a 0010-0725000877 =007 ta =008 250712################a##########0#ind## =020 ##$$a 978-623-307-176-5 =082 ##$$a 398.209 598 =084 ##$$a 398.209 598 MEI d =100 #$$a Novel Meilanie =245 1#$$a Dengar, suara apa itu? /$c Novel Meilanie =250 ##$$a Cetakan Pertama =260 ##$$a Rawamangun :$b Badan Pengembangan dan Pembinaan Bahasa,$c 2022 =300 ##$$a 24 hlm. : $b Ilus. ; $c 29,7 cm. =650 #4$$a Cerita Anak - Indonesia =650 #4$$a Literasi - Bahan bacaan =856 ##$$a TBM AS SUHADA